Database system concepts (Record no. 489)

000 -LEADER
fixed length control field 00571nam a22002297a 4500
001 - CONTROL NUMBER
control field 489
003 - CONTROL NUMBER IDENTIFIER
control field BD-DhUET
008 - FIXED-LENGTH DATA ELEMENTS--GENERAL INFORMATION
fixed length control field 140722b xxu||||| |||| 00| 0 eng d
020 ## - INTERNATIONAL STANDARD BOOK NUMBER
International Standard Book Number 007124476X
040 ## - CATALOGING SOURCE
Transcribing agency 0
Modifying agency BD-DhUET
082 ## - DEWEY DECIMAL CLASSIFICATION NUMBER
Classification number 005.74
Item number SIL/2006
100 ## - MAIN ENTRY--PERSONAL NAME
Personal name Silberschatz, Abraham
245 ## - TITLE STATEMENT
Title Database system concepts
250 ## - EDITION STATEMENT
Edition statement 5th ed.
260 ## - PUBLICATION, DISTRIBUTION, ETC. (IMPRINT)
Place of publication, distribution, etc. Boston
Name of publisher, distributor, etc. McGraw-Hill
Date of publication, distribution, etc. 2006
300 ## - PHYSICAL DESCRIPTION
Extent xxvi,1142p.
Other physical details ill.
504 ## - BIBLIOGRAPHY, ETC. NOTE
Bibliography, etc Includes bibliographies
650 #0 - SUBJECT ADDED ENTRY--TOPICAL TERM
Topical term or geographic name as entry element Database management
700 ## - ADDED ENTRY--PERSONAL NAME
Personal name Korth, Henry F.
700 ## - ADDED ENTRY--PERSONAL NAME
Personal name Sudarshan, S.
942 ## - ADDED ENTRY ELEMENTS (KOHA)
Koha item type General Book
Holdings
Piece designation (barcode) Source of classification or shelving scheme Price effective from Damaged status Date acquired Copy number Koha renewals Koha issues (times borrowed) Not for loan Koha item type Koha date last seen Withdrawn status Sublocation or collection (holding branch) Location (home branch) Lost status Koha date last borrowed Shelving location Koha normalized classification for sorting Koha full call number
103320 2014-07-22 2014-07-221   General Book2014-07-22 Central Library, BUETCentral Library, BUET  Circulation section007_000000000000000_74SIL2006007.74/SIL/2006
103321 2014-07-22 2014-07-2222  General Book2016-12-24 Central Library, BUETCentral Library, BUET  Circulation section007_000000000000000_74SIL2006007.74/SIL/2006
103322 2014-08-25 2014-08-253   General Book2014-08-25 Central Library, BUETCentral Library, BUET  Circulation section005_740000000000000_SIL2006005.74 SIL/2006
103323 2014-08-25 2014-08-254 1 General Book2021-12-18 Central Library, BUETCentral Library, BUET 2021-12-04Circulation section005_000000000000000_74SIL2006005.74/SIL/2006
103324 2014-08-25 2014-08-255   General Book2014-08-25 Central Library, BUETCentral Library, BUET  Circulation section005_000000000000000_74SIL2006005.74/SIL/2006
103325 2014-08-25 2014-08-256   General Book2014-08-25 Central Library, BUETCentral Library, BUET  Circulation section005_740000000000000_SIL_2006005.74/SIL/2006
103326 2014-08-25 2014-08-257 1 General Book2017-07-16 Central Library, BUETCentral Library, BUET 2017-07-01Circulation section005_740000000000000_SIL_2006005.74/SIL/2006
103327 2014-08-25 2014-08-258   General Book2014-08-25 Central Library, BUETCentral Library, BUET  Circulation section005_000000000000000_74SIL2006005.74/SIL/2006
103328 2014-08-25 2014-08-259   General Book2014-08-25 Central Library, BUETCentral Library, BUET  Circulation section005_000000000000000_74SIL2006005.74/SIL/2006
103329 2014-08-25 2014-08-2510   General Book2014-08-25 Central Library, BUETCentral Library, BUET  Circulation section005_000000000000000_74SIL2006005.74/SIL/2006
102172 2015-06-09 2015-06-0911   Reading Item2015-06-09 Central Library, BUETCentral Library, BUET  Reading section005_740000000000000_SIL_2006005.74/SIL/2006
102554 2015-06-09 2015-06-0912   Reading Item2015-06-09 Central Library, BUETCentral Library, BUET  Reading section005_740000000000000_SIL_2006005.74/SIL/2006